Quiz o Gdańsku - Statystyki

Ogólne statystyki
  • Ten quiz został rozwiązany 2 280 razy
  • Średni wynik to 10 z 15
Statystyki odpowiedzi
Wskazówka Odpowiedź % Poprawnych
Gdańsk znajduje się w tym województwie Pomorskie
93%
Rejestracja samochodowa Gdańska GD
92%
Gdański klub piłkarski występujący w Ekstraklasie Lechia Gdańsk
90%
Były prezydent, zamordowany podczas 27 finału WOŚP Paweł Adamowicz
80%
Miejsce narodzin NSZZ „Solidarność” Stocznia Gdańska
79%
Niemiecka nazwa miasta Danzig
77%
Zabytkowa fontanna znajdująca się przed wejściem do Dworu Artusa Fontanna Neptuna
75%
Zabytkowy dźwig portowy i jedna z bram wodnych Gdańska Brama Żuraw
71%
Obecna prezydent miasta Aleksandra Dulkiewicz
59%
Nazwa najsłynniejszej ulicy Długa
56%
Stadion powyższego zespołu Polsat Plus Arena Gdańsk (Arena Gdańsk)
46%
Najwyższy budynek Olivia Star
40%
Pochodzący z Gdańska astronom, matematyk i konstruktor instrumentów naukowych Jan Heweliusz
38%
Reprezentacyjny plac pełniący funkcję rynku Długi Targ
32%
Znany filozof niemiecki urodzony w Gdańsku 22 lutego 1788 roku, przedstawiciel pesymizmu Arthur Schopenhauer
26%
Nie znaleziono quizów pasujących do podanych kryteriów
Rozkład punktacji
Procent ludzi z każdym wynikiem
Percentyl według liczby udzielonych odpowiedzi
Twoja historia wyników
Nie rozwiązałeś tego quizu